5HLuxD.jpg

KING HENRY VIII SENIOR AND PRIMARY SCHOOL LIBRARY OPAC

UNUSUAL DEEP-SEA CREATURES (Record no. 4430)

000 -LEADER
fixed length control field 00323nam a22001217a 4500
008 - FIXED-LENGTH DATA ELEMENTS--GENERAL INFORMATION
fixed length control field 250218b ||||| |||| 00| 0 eng d
020 ## - INTERNATIONAL STANDARD BOOK NUMBER
International Standard Book Number 9781474717939
082 ## - DEWEY DECIMAL CLASSIFICATION NUMBER
Classification number 577.6
100 ## - MAIN ENTRY--PERSONAL NAME
Personal name GAFFNEY,KELLY
Relator term AUTHOR
245 ## - TITLE STATEMENT
Title UNUSUAL DEEP-SEA CREATURES
260 ## - PUBLICATION, DISTRIBUTION, ETC.
Place of publication, distribution, etc. 264 BANBURY ROAD,OXFORD,OX2 7DY
Name of publisher, distributor, etc. raintree
Date of publication, distribution, etc. 2016
942 ## - ADDED ENTRY ELEMENTS (KOHA)
Source of classification or shelving scheme
Holdings
Withdrawn status Lost status Source of classification or shelving scheme Damaged status Not for loan Collection code Permanent Location Current Location Shelving location Date acquired Full call number Barcode Date last seen Price effective from Koha item type Public note
          Non-Fiction KH8 Primary School Library KH8 Primary School Library Non Fiction 2025-02-18 577.6 GAF KHPL000006185 2025-12-05 2025-02-18 Books - Non Ficton KH8 PRIMARY LIBRARY

Powered By KH8 IT Dept